000 00537nam a2200205 4500
001 bimo0000229520
003 OSt
005 20151012152028.0
008 840626s1984 sp 0000 spa
020 _a84-320-5323-6
040 _cBMC
082 _a863
100 1 _aBenguerel, Xavier
_d1905-1990
_936704
245 1 0 _aIcaria, Icaria­
_b: Novela
_cXavier Benguerel
250 _a1ª ed
260 _aBarcelona
_bPlaneta
_c1974
300 _a290 p.
_c19 cm
650 2 4 _929289
_aNovela española
942 _2ddc
_cBK
_hprozim
999 _c22891
_d22891